Towards self-Understanding/ (Record no. 172781)

MARC details
000 -LEADER
fixed length control field 00888nam a22002657a 4500
005 - DATE AND TIME OF LATEST TRANSACTION
control field 20231219124514.0
010 ## - LCCN (DPL NO)
LC control number ENG-127717 ENG-138610
020 ## - INTERNATIONAL STANDARD BOOK NUMBER
Terms of availability 150.00
International Standard Book Number 9789386725851
020 ## - INTERNATIONAL STANDARD BOOK NUMBER
Terms of availability 500.00
International Standard Book Number 9789389740417
035 ## - SYSTEM CONTROL NUMBER
System control number EN-111249
035 ## - SYSTEM CONTROL NUMBER
System control number EN-122142
037 ## - SOURCE OF ACQUISITION
Source of stock number/acquisition DBAD/PUB
082 ## - DEWEY DECIMAL CLASSIFICATION NUMBER
Classification number 370.71
Edition number 1
100 ## - MAIN ENTRY--PERSONAL NAME
Personal name Rao, K.Ravikanth
245 ## - TITLE STATEMENT
Title Towards self-Understanding/
Statement of responsibility, etc By K.Ravikanth Rao and Kavitha Ajay Edited By B.V. Pattabhi Ram
250 ## - EDITION STATEMENT
Edition statement 1
260 ## - PUBLICATION, DISTRIBUTION, ETC. (IMPRINT)
Place of publication, distribution, etc New Delhi
Date of publication, distribution, etc 2020
Name of publisher, distributor, etc Neelkamal
270 ## - ADDRESS
Address 4764/1,23, Ansari Road,Daryaganj
Postal code 110002
City New Delhi
Telephone number 011-23244237
-- 9811828953
300 ## - PHYSICAL DESCRIPTION
Extent ix,127p.
Other physical details 24cm(pbk)
300 ## - PHYSICAL DESCRIPTION
Extent ix,130p.
Other physical details 24cm(pbk)
500 ## - GENERAL NOTE
General note includes bibliographical references <br/>
700 ## - ADDED ENTRY--PERSONAL NAME
Personal name Kavitha Ajay
Relator term Author
9 (RLIN) 59949
700 ## - ADDED ENTRY--PERSONAL NAME
Personal name B.V.Pattabhi Ram
Relator term Editor
9 (RLIN) 59950
942 ## - ADDED ENTRY ELEMENTS (KOHA)
Source of classification or shelving scheme Dewey Decimal Classification
Item type English Books
Classification part 370.71
Call number suffix RAO
Edition 1
Holdings
Withdrawn status Lost status Not for loan Collection code Home library Current library Date acquired Source of acquisition Cost, normal purchase price Full call number Barcode Copy number Cost, replacement price Koha item type
      Non-fiction Central Jail Tihar Central Jail Tihar 19/12/2023 DBAD 500.00 370.71 RAO EN-122142 1 500.00 English Books
      Non-fiction Central Library Central Library 13/02/2020 DBAD/PUB 150.00 370.71 RAO EN-111249 1 150.00 English Books

© Delhi Public Library
Hit Counter
free hit counter